Normal view
MARC view
Entry Personal Name
001 - CONTROL NUMBER
- control field: 13010
003 - CONTROL NUMBER IDENTIFIER
- control field: OSt
005 - DATE AND TIME OF LATEST TRANSACTION
- control field: 20191029163609.0
008 - FIXED-LENGTH DATA ELEMENTS
- fixed length control field: 191029|| aca||aabn | a|a d
040 ## - CATALOGING SOURCE
- Original cataloging agency: OSt
- Transcribing agency: OSt
100 ## - HEADING--PERSONAL NAME
- Personal name: Mapel, David R.; Nardin, Terry
670 ## - SOURCE DATA FOUND
- Source citation: Work cat.: (OSt)678: Mapel, David R.; Nardin, Terry, International Society :, 1998
